[Event "Championnat de France - Open A"]
[Site "Pau"]
[Date "2008.08.21"]
[Round "9.44"]
[White "Bourdeaud'Huy, Thomas"]
[Black "Billon, Olivier"]
[Result "1-0"]
[WhiteElo "2052"]
[BlackElo "1999"]
[PlyCount "69"]

1. e4 c5 2. Nc3 Nc6 3. f4 e6 4. Nf3 a6 5. g3 d5 6. d3 Nf6 7. e5 Nd7 8. Bg2 Be7
9. O-O O-O 10. Qe2 Qc7 11. Nd1 b5 12. h4 Qb6 13. Bh3 c4+ 14. Kh2 Nc5 15. Nf2 d4
16. Ng5 a5 17. Bg2 Ra7 18. Qh5 h6 19. Nge4 cxd3 20. cxd3 Nb4 21. Ng4 Nbxd3 22.
Nef6+ gxf6 23. exf6 Bxf6 24. Nxf6+ Kg7 25. Ng4 Rh8 26. Ne5 Nxc1 27. Raxc1 Rc7
28. Nxf7 Rxf7 29. Qe5+ Rf6 30. Rxc5 Rd8 31. Rfc1 Bd7 32. Qxd4 Kf7 33. Qe4 Rf5
34. Rc7 Ke8 35. R1c6 1-0

[Event "Championnat de France - Open A"]
[Site "Pau"]
[Date "2008.08.21"]
[Round "9.45"]
[White "Martinet, Regis"]
[Black "Bekhouche, Christophe"]
[Result "1-0"]
[WhiteElo "2049"]
[BlackElo "1973"]
[PlyCount "117"]

1. e4 e6 2. d4 d5 3. Nc3 Nf6 4. e5 Nfd7 5. Nce2 c5 6. c3 Nc6 7. f4 cxd4 8. cxd4
Qb6 9. Nf3 Bb4+ 10. Nc3 f6 11. a3 Bxc3+ 12. bxc3 O-O 13. Bd3 fxe5 14. fxe5
Ndxe5 15. dxe5 Nxe5 16. Ra2 Nxf3+ 17. gxf3 e5 18. Rg2 e4 19. fxe4 Bh3 20. Rb2
Qf6 21. Be3 dxe4 22. Bc4+ Kh8 23. Qd4 Qh4+ 24. Bf2 Qf4 25. Qe3 Rac8 26. Qxf4
Rxf4 27. Bf1 Rxc3 28. Rxb7 h6 29. Bxh3 Rc1+ 30. Ke2 Rxh1 31. Bg3 g5 32. Bg2 Ra1
33. Bxf4 gxf4 34. Bxe4 Rxa3 35. Kf1 a5 36. Rh7+ Kg8 37. Rxh6 Kg7 38. Ra6 Ra1+
39. Kg2 Ra2+ 40. Kh3 a4 41. Rg6+ Kf7 42. Rg4 Kf6 43. Rxf4+ Ke5 44. Rg4 a3 45.
Bh7 Rd2 46. Ra4 a2 47. Kg3 Kf6 48. Ra6+ Ke5 49. Ra4 Kf6 50. Ra5 Kg7 51. Be4 Kf6
52. h4 Rd4 53. Kf4 Rd2 54. Ra6+ Kg7 55. Kg5 Rd4 56. Ra7+ Kf8 57. Bf5 Rd1 58.
Rxa2 Rg1+ 59. Kf6 1-0

[Event "Championnat de France - Open A"]
[Site "Pau"]
[Date "2008.08.21"]
[Round "9.46"]
[White "Noizat, Pierre"]
[Black "Durandeau, Jean-Marie"]
[Result "0-1"]
[WhiteElo "2045"]
[BlackElo "1956"]
[PlyCount "99"]

1. e4 c5 2. Na3 Nc6 3. Bb5 Nf6 4. d3 g6 5. c3 Bg7 6. f4 a6 7. Ba4 b5 8. Bc2 b4
9. Nb1 O-O 10. Nf3 Bb7 11. O-O e6 12. Be3 d6 13. Kh1 bxc3 14. bxc3 Ne7 15. Nfd2
Qc7 16. a4 Nd7 17. Bb3 d5 18. e5 Nf5 19. Bg1 Rab8 20. d4 cxd4 21. cxd4 Rfc8 22.
Nf3 Qa5 23. g4 Ne7 24. Be3 Rc4 25. Bd2 Qc7 26. a5 Ba8 27. Na3 Nc6 28. Bxc4 dxc4
29. Nc2 Ne7 30. Bb4 Nc8 31. Kg2 Be4 32. Kg3 Bxc2 33. Qxc2 Rxb4 34. f5 exf5 35.
gxf5 f6 36. fxg6 h6 37. Qf5 Kh8 38. Qe6 Nf8 39. Qxa6 fxe5 40. Nh4 e4+ 41. Kg4
Qd7+ 42. Kh5 Rb5+ 43. Qxb5 Qxb5+ 44. Rf5 Qb2 45. Rg1 Ne7 46. Rg2 Qxd4 47. Rb5
Qd1+ 48. Rg4 Nd5 49. Nf5 Nf6+ 50. Kh4 0-1

[Event "Championnat de France - Open A"]
[Site "Pau"]
[Date "2008.08.21"]
[Round "9.47"]
[White "Dubocage, Claude"]
[Black "Le Bail, Clara"]
[Result "0-1"]
[WhiteElo "1970"]
[BlackElo "2035"]
[PlyCount "92"]

1. d4 d5 2. Nf3 Nf6 3. g3 c6 4. Bg2 Bf5 5. O-O Nbd7 6. c3 e6 7. Bf4 Qb6 8. b3
h6 9. Nbd2 Ba3 10. b4 Bb2 11. Rb1 Bxc3 12. Rb3 Bxd4 13. Nxd4 Qxd4 14. Qc1 O-O
15. Be3 Qg4 16. f3 Qg6 17. g4 Bc2 18. Rc3 Ba4 19. h4 e5 20. h5 Qh7 21. Ra3 Bb5
22. Bf2 Bxe2 23. Re1 Bb5 24. Nf1 d4 25. Ng3 Nd5 26. Nf5 Nf4 27. Bf1 Bxf1 28.
Kxf1 g6 29. Nxd4 gxh5 30. Nf5 f6 31. Rd1 Nb6 32. Be3 Nbd5 33. Bc5 Rfd8 34. Rd2
b6 35. Bg1 Nxb4 36. Rh2 Nbd3 37. Qc4+ Kf8 38. Be3 Qf7 39. Qxc6 Rac8 40. Qe4 Nc5
41. Qb4 Rd1+ 42. Kf2 Nfd3+ 43. Rxd3 Rxd3 44. Bxh6+ Ke8 45. gxh5 Qxa2+ 46. Kg3
Qb3 0-1

[Event "Championnat de France - Open A"]
[Site "Pau"]
[Date "2008.08.21"]
[Round "9.48"]
[White "Schweitzer, Adrien"]
[Black "Kieffer, Christian"]
[Result "0-1"]
[WhiteElo "2041"]
[BlackElo "2148"]
[PlyCount "64"]

1. d4 g6 2. c4 Nf6 3. Nc3 Bg7 4. e4 O-O 5. Be2 d6 6. Nf3 Na6 7. O-O e5 8. d5
Nc5 9. Qc2 a5 10. b3 Ne8 11. a3 f5 12. Nd2 Nf6 13. Bf3 Bh6 14. Re1 Bd7 15. Rb1
Bxd2 16. Bxd2 fxe4 17. Be2 Nd3 18. Rf1 Nf4 19. Rbe1 Bf5 20. Be3 Qd7 21. Qd2 g5
22. b4 axb4 23. axb4 Rf7 24. Ra1 Rb8 25. Ra7 Rg7 26. Rfa1 Bh3 27. Ra8 Rxa8 28.
Rxa8+ Kf7 29. f3 Bxg2 30. fxe4 Nxe4 31. Nxe4 Bxe4 32. Kf2 Qh3 0-1

[Event "Championnat de France - Open A"]
[Site "Pau"]
[Date "2008.08.21"]
[Round "9.49"]
[White "Milesi, Laurent"]
[Black "Forgues, Valerie"]
[Result "0-1"]
[WhiteElo "2145"]
[BlackElo "1999"]
[PlyCount "86"]

1. e4 e5 2. Nf3 Nc6 3. Be2 Nf6 4. d3 Bc5 5. O-O d6 6. Nbd2 Be6 7. c3 O-O 8. Qc2
d5 9. b4 Bd6 10. a3 a6 11. Bb2 Re8 12. Rfe1 Bd7 13. Bf1 dxe4 14. dxe4 b5 15. c4
Rb8 16. Rad1 Qc8 17. h3 Nh5 18. cxb5 axb5 19. g3 Re7 20. Kh2 Qb7 21. Nb3 Qa7
22. Re3 Nf6 23. Bg2 Nd8 24. Nc5 Be8 25. Nh4 Bxc5 26. bxc5 Bc6 27. Nf5 Re8 28.
Red3 Nb7 29. f3 Na5 30. Qc1 h6 31. g4 Nh7 32. h4 Nc4 33. g5 hxg5 34. hxg5 Qxc5
35. f4 Qf2 36. Bxe5 Nxe5 37. fxe5 Bxe4 38. Rg3 Qxf5 39. Qxc7 Bxg2 40. Kxg2 Rbc8
41. Qd6 Rc2+ 42. Rd2 Qe4+ 43. Kf2 Qf4+ 0-1

[Event "Championnat de France - Open A"]
[Site "Pau"]
[Date "2008.08.21"]
[Round "9.50"]
[White "Bressac, Stephane"]
[Black "Leitner, Walter"]
[Result "1/2-1/2"]
[WhiteElo "2028"]
[BlackElo "2126"]
[PlyCount "86"]

1. e4 e5 2. Nf3 Nc6 3. Nc3 Nf6 4. Bb5 Bb4 5. O-O Bxc3 6. bxc3 d6 7. Re1 O-O 8.
d4 exd4 9. cxd4 Bg4 10. c3 d5 11. Bg5 dxe4 12. Rxe4 Qd5 13. Bxc6 Qxc6 14. d5
Bxf3 15. dxc6 Bxd1 16. Bxf6 Bc2 17. Rg4 Bg6 18. cxb7 Rab8 19. Bd4 Rxb7 20. h4
h5 21. Rg5 Re8 22. g4 c5 23. Bxc5 hxg4 24. Bd4 Kh7 25. h5 Kh6 26. Rxg4 Kxh5 27.
Rg3 Re4 28. Bxg7 Rh4 29. Re1 Rb1 30. Rxb1 Bxb1 31. f3 Bxa2 32. Bd4 a6 33. Rg8
Rf4 34. Kf2 Bd5 35. Rg3 Rf5 36. Ke3 Kh4 37. Rg4+ Kh3 38. Rf4 Rxf4 39. Kxf4 Kg2
40. Ke5 Bxf3 41. c4 Bg4 42. c5 Kf3 43. Kf6 Be6 1/2-1/2

[Event "Championnat de France - Open A"]
[Site "Pau"]
[Date "2008.08.21"]
[Round "9.51"]
[White "Jaulin, Marc"]
[Black "Lewertowski, Gabriel"]
[Result "1/2-1/2"]
[WhiteElo "2124"]
[BlackElo "2017"]
[PlyCount "87"]

1. e4 c5 2. Nc3 a6 3. g3 b5 4. Bg2 Bb7 5. Nge2 e6 6. O-O b4 7. Na4 Nf6 8. d4
Nxe4 9. dxc5 Nxc5 10. Nxc5 Bxg2 11. Nxe6 fxe6 12. Kxg2 Bc5 13. Be3 Bxe3 14.
fxe3 Nc6 15. Qd6 Qb8 16. Qd3 Qb7 17. Qe4 Nd8 18. Qxb7 Nxb7 19. Rf4 a5 20. a3
Rc8 21. c3 Rf8 22. Rxf8+ Kxf8 23. axb4 axb4 24. Ra7 Rb8 25. cxb4 Ke7 26. Kf3
Nd8 27. Ra4 Nc6 28. Nd4 Nxb4 29. Ke4 Nd5 30. Ra2 Kd6 31. Ra6+ Kc5 32. Ra5+ Kc4
33. Ra4+ Kc5 34. Ra5+ Kc4 35. Ra4+ Rb4 36. b3+ Kc5 37. Ra7 Nf6+ 38. Kd3 e5 39.
Ra5+ Kd6 40. Kc3 Rb8 41. Nf5+ Ke6 42. Nxg7+ Kf7 43. Nf5 Ke6 44. Ng7+ 1/2-1/2

[Event "Championnat de France - Open A"]
[Site "Pau"]
[Date "2008.08.21"]
[Round "9.52"]
[White "Samoun, Florent"]
[Black "Lemoine, Benoit"]
[Result "1-0"]
[WhiteElo "2006"]
[BlackElo "2092"]
[PlyCount "97"]

1. e4 c5 2. Nc3 g6 3. g3 Bg7 4. Bg2 a6 5. f4 b5 6. d3 Nc6 7. Nf3 e6 8. f5 Nge7
9. Bg5 f6 10. Be3 exf5 11. Bxc5 d6 12. Be3 Bb7 13. O-O O-O 14. Qd2 Ne5 15. Nd4
Qc8 16. exf5 Bxg2 17. Qxg2 Ng4 18. Rae1 gxf5 19. Nd5 Nxd5 20. Qxd5+ Kh8 21.
Qxf5 Nxe3 22. Rxe3 Qc5 23. Qxc5 dxc5 24. Nf5 Rfe8 25. Rfe1 Rxe3 26. Rxe3 c4 27.
dxc4 bxc4 28. Rc3 Bf8 29. Rxc4 Rd8 30. Nd4 Rd5 31. Rc8 Rxd4 32. Rxf8+ Kg7 33.
Rc8 Kg6 34. Kg2 h5 35. h4 Rd1 36. Rc5 Rb1 37. b3 Rc1 38. a4 Rd1 39. b4 Rb1 40.
c3 Rb3 41. a5 Rb2+ 42. Kf3 Rc2 43. c4 Ra2 44. Rc6 Rc2 45. b5 axb5 46. cxb5 Ra2
47. a6 Ra5 48. Rc5 Ra4 49. Rc3 1-0

[Event "Championnat de France - Open A"]
[Site "Pau"]
[Date "2008.08.21"]
[Round "9.53"]
[White "Bornhauser, Eric"]
[Black "Dargagnon, Remi"]
[Result "0-1"]
[WhiteElo "1985"]
[BlackElo "2079"]
[PlyCount "62"]

1. e4 e6 2. d4 d5 3. Nc3 Nf6 4. Bg5 Be7 5. e5 Nfd7 6. Bxe7 Qxe7 7. Qh5 a6 8. f4
c5 9. Nf3 Nc6 10. O-O-O b5 11. dxc5 Nxc5 12. Ng5 b4 13. Bb5 axb5 14. Nxb5 Rxa2
15. Nd6+ Kd7 16. Ngxf7 Rf8 17. Rhe1 Ra1+ 18. Kd2 Rxd1+ 19. Kxd1 b3 20. cxb3 Nd3
21. Rf1 Ba6 22. Rf3 Nd4 23. Qxh7 Nxf3 24. Qxg7 Nd4 25. g4 Kc6 26. g5 Nf5 27.
Qf6 Qxf6 28. exf6 Nxf4 29. Nxf5 exf5 30. Ne5+ Kd6 31. g6 Nxg6 0-1

[Event "Championnat de France - Open A"]
[Site "Pau"]
[Date "2008.08.21"]
[Round "9.54"]
[White "Vignier, Pascal"]
[Black "Charpentier, Denis"]
[Result "1-0"]
[WhiteElo "2068"]
[BlackElo "1974"]
[PlyCount "101"]

1. e4 c6 2. d4 d5 3. Nc3 dxe4 4. Nxe4 Nf6 5. Ng3 g6 6. Nf3 Bg7 7. Bc4 O-O 8.
O-O Nbd7 9. c3 Nb6 10. Bb3 a5 11. a3 a4 12. Ba2 Qc7 13. Bg5 h6 14. Bd2 Bg4 15.
h3 Bxf3 16. Qxf3 Nh7 17. Ne4 Nd5 18. Rfe1 Rae8 19. Nc5 b6 20. Nxa4 Ra8 21. Bb3
Ng5 22. Qg3 Qxg3 23. fxg3 Rfd8 24. Bc2 Ra7 25. Kh2 e6 26. h4 Nh7 27. c4 Ndf6
28. Kh3 h5 29. Re2 Rxd4 30. Bc3 Rxc4 31. Nxb6 Rxc3 32. bxc3 Nd5 33. Nxd5 cxd5
34. Re3 Nf6 35. Ra2 Ng4 36. Rf3 e5 37. Bb3 e4 38. Rf1 e3 39. Bxd5 Bxc3 40. Bc4
Kg7 41. a4 f5 42. Be2 Nf2+ 43. Kh2 Be5 44. Ra3 f4 45. gxf4 Bxf4+ 46. g3 Bh6 47.
a5 Ne4 48. a6 Nd2 49. Rg1 Kf6 50. Rc1 Kg7 51. Rc6 1-0

[Event "Championnat de France - Open A"]
[Site "Pau"]
[Date "2008.08.21"]
[Round "9.55"]
[White "Lamouille, Patrick"]
[Black "Brunier, Jules"]
[Result "0-1"]
[WhiteElo "2052"]
[BlackElo "1937"]
[PlyCount "82"]

1. d4 e6 2. c4 f5 3. g3 c6 4. Bg2 d5 5. Nf3 Nf6 6. O-O Bd6 7. b3 O-O 8. Nc3 Ne4
9. Qc2 Nd7 10. Bb2 Ndf6 11. Ne5 Bxe5 12. dxe5 Ng4 13. Nd1 Qg5 14. Bc1 Qh5 15.
h3 Nxe5 16. Bb2 Nd7 17. Kh2 Qg6 18. e3 Ndf6 19. Nc3 Bd7 20. Ne2 Nh5 21. Rad1
Rfe8 22. g4 Nhf6 23. f3 Nd6 24. e4 fxg4 25. Nf4 Qg5 26. fxg4 Ndxe4 27. Nd3 e5
28. cxd5 cxd5 29. Qc7 Rac8 30. Qxb7 Rc2 31. Bc1 Qh4 32. Kg1 Rxg2+ 33. Kxg2 Qg3+
34. Kh1 Qxh3+ 35. Kg1 Qxg4+ 36. Kh2 Qg3+ 37. Kh1 Ng4 38. Qxd5+ Be6 39. Bf4 Bxd5
40. Bxg3 Nxg3+ 41. Kg1 Ne2# 0-1

[Event "Championnat de France - Open A"]
[Site "Pau"]
[Date "2008.08.21"]
[Round "9.56"]
[White "Fourcand, Pierre"]
[Black "Brunstein, Sandrine"]
[Result "1-0"]
[WhiteElo "1933"]
[BlackElo "2049"]
[PlyCount "189"]

1. Nf3 e6 2. c4 d5 3. d4 f5 4. Nc3 Nf6 5. Qc2 c6 6. cxd5 exd5 7. Bg5 Be7 8. e3
O-O 9. Bxf6 Rxf6 10. Bd3 g6 11. O-O-O b5 12. Kb1 a5 13. Ne5 Na6 14. Qd2 Qd6 15.
f4 a4 16. h3 Nb4 17. Be2 a3 18. b3 Rf8 19. g4 Be6 20. g5 c5 21. Nxb5 Qb6 22.
dxc5 Bxc5 23. Nd4 Rfe8 24. h4 Rac8 25. Rc1 Rc7 26. Nef3 Bf7 27. Ne5 Rec8 28.
Nef3 Be8 29. Rhe1 Bd6 30. Bd3 Rxc1+ 31. Rxc1 Rxc1+ 32. Kxc1 Qc7+ 33. Kb1 Bd7
34. Ne1 Kf7 35. Nec2 Nxd3 36. Qxd3 Qa5 37. Ne2 Qb5 38. Qxb5 Bxb5 39. Nc3 Bc6
40. Nd4 Bb7 41. Kc2 Bc5 42. Kd2 Ke7 43. Nc2 Kd7 44. Nb1 Ba6 45. Nbxa3 Bf1 46.
Nb1 Kc6 47. Nc3 Bd6 48. Ne2 Kc5 49. Ke1 Bg2 50. Ng3 Be4 51. Nxe4+ dxe4 52. Kd2
Kd5 53. Kc3 Bc5 54. b4 Bb6 55. a4 Bc7 56. a5 Bb8 57. b5 Kc5 58. Nd4 Bd6 59. b6
Bb8 60. b7 Ba7 61. a6 Kb6 62. Ne6 Kxa6 63. Kd2 Kxb7 64. Nf8 Kc6 65. Nxh7 Bc5
66. h5 Bb4+ 67. Kc2 Kd7 68. hxg6 Ke7 69. Nf6 Kf8 70. Nh5 Kg8 71. Ng3 Kg7 72.
Nxf5+ Kxg6 73. Ng3 Be7 74. Nxe4 Kf5 75. Nf2 Bc5 76. Kd2 Bb6 77. Ke2 Bc7 78. Kf3
Bb6 79. Nd3 Bd8 80. e4+ Kg6 81. Kg4 Kg7 82. f5 Kf7 83. Ne5+ Kg7 84. f6+ Bxf6
85. gxf6+ Kxf6 86. Nf3 Ke6 87. Kf4 Ke7 88. e5 Ke6 89. Ke4 Ke7 90. Kf5 Kf7 91.
e6+ Ke7 92. Ke5 Ke8 93. Kf6 Kf8 94. e7+ Ke8 95. Ng1 1-0

[Event "Championnat de France - Open A"]
[Site "Pau"]
[Date "2008.08.21"]
[Round "9.57"]
[White "Neri, Jean-Baptiste"]
[Black "Sauvadet, Herve"]
[Result "1-0"]
[WhiteElo "1928"]
[BlackElo "2041"]
[PlyCount "133"]

1. e4 e5 2. Nf3 Nc6 3. Bb5 a6 4. Ba4 Nf6 5. d3 b5 6. Bb3 Bc5 7. h3 O-O 8. c3 d5
9. Qe2 d4 10. O-O Qd6 11. Bc2 b4 12. c4 Bd7 13. a4 Na5 14. b3 Nb7 15. Re1 Ne8
16. Nbd2 Qe7 17. Nf1 Bd6 18. Ng3 g6 19. Nh2 Ng7 20. Rf1 f5 21. f3 Bc6 22. Bd2
a5 23. Rae1 Rae8 24. Qd1 Qh4 25. Nh1 Nc5 26. Qc1 Nge6 27. Nf2 fxe4 28. Nxe4
Nxe4 29. fxe4 Nf4 30. Bxf4 Rxf4 31. Rxf4 exf4 32. Nf3 Qg3 33. Qd2 Bd7 34. Qf2
Qxf2+ 35. Kxf2 Be5 36. Nxe5 Rxe5 37. Bd1 Rg5 38. Bf3 Kf8 39. e5 Bf5 40. e6 Ke7
41. Re5 Rg3 42. Rxa5 Bxd3 43. Rd5 Bc2 44. a5 Bxb3 45. a6 Bxc4 46. Rd7+ Kxe6 47.
a7 Rxf3+ 48. gxf3 Kxd7 49. a8=Q Be6 50. Qa4+ Kd6 51. Qxb4+ c5 52. Qb8+ Kd5 53.
Qb7+ Kc4 54. Qxh7 d3 55. Qxg6 Bxh3 56. Qe4+ Kc3 57. Qe5+ Kb4 58. Qxf4+ c4 59.
Qd2+ Kb3 60. Ke3 Be6 61. Kd4 Bf7 62. Qc3+ Ka2 63. f4 Kb1 64. Ke3 Ka2 65. Kd2
Kb1 66. Qc1+ Ka2 67. Kc3 1-0

[Event "Championnat de France - Open A"]
[Site "Pau"]
[Date "2008.08.21"]
[Round "9.58"]
[White "Gaubil, Olivier"]
[Black "Peyre, Thomas"]
[Result "1-0"]
[WhiteElo "2154"]
[BlackElo "1922"]
[PlyCount "103"]

1. Nf3 Nf6 2. d4 e6 3. c4 b6 4. g3 Bb7 5. Bg2 d5 6. Ne5 Be7 7. O-O c6 8. Nc3
O-O 9. Bg5 Nbd7 10. Rc1 Rc8 11. Qa4 a6 12. Nxd7 Nxd7 13. Bxe7 Qxe7 14. cxd5
cxd5 15. e3 Rc4 16. Qb3 Rfc8 17. Rc2 b5 18. Rfc1 Nb6 19. Nb1 Qc7 20. Na3 Rxc2
21. Rxc2 Nc4 22. Qb4 Qd7 23. b3 a5 24. Qxb5 Bc6 25. Qc5 Ba4 26. Rxc4 Rxc5 27.
Rxc5 Bc6 28. Rxa5 g6 29. Bf1 Qe7 30. Nc2 h5 31. Rc5 Bb7 32. a4 e5 33. a5 exd4
34. exd4 Qe4 35. b4 Qg4 36. a6 Ba8 37. b5 Qe6 38. b6 Qxb6 39. Rc8+ Kg7 40. Rxa8
h4 41. Rc8 hxg3 42. hxg3 f5 43. Rc3 f4 44. Ra3 Qa7 45. Rb3 Kh6 46. Rb7 Qa8 47.
Rf7 g5 48. Bd3 Kh5 49. f3 g4 50. gxf4 gxf3 51. Ne3 Kh4 52. Kf2 1-0

[Event "Championnat de France - Open A"]
[Site "Pau"]
[Date "2008.08.21"]
[Round "9.59"]
[White "Rodon, Gurvan"]
[Black "Deschler, Fabrice"]
[Result "0-1"]
[WhiteElo "1989"]
[BlackElo "2141"]
[PlyCount "168"]

1. d4 Nf6 2. c4 g6 3. Nc3 Bg7 4. e4 d6 5. f3 O-O 6. Bg5 c5 7. d5 e6 8. Qd2 exd5
9. cxd5 Nbd7 10. Nh3 Re8 11. Be2 a6 12. a4 Qc7 13. O-O Ne5 14. Nf2 b6 15. Rae1
Rb8 16. Be3 c4 17. f4 Ned7 18. Bf3 Nc5 19. e5 Nb3 20. exd6 Qxd6 21. Qd1 Bd7 22.
Nfe4 Qb4 23. Nd2 Nc5 24. Qc2 Bf5 25. Na2 Bxc2 26. Nxb4 Bd3 27. Nxd3 Nxd3 28.
Nxc4 Nxe1 29. Rxe1 b5 30. axb5 axb5 31. Ne5 Rbd8 32. Rd1 Nd7 33. Nc6 Ra8 34.
Bc1 Ra1 35. b4 Rea8 36. Kf2 R8a2+ 37. Rd2 Bc3 38. Rxa2 Rxa2+ 39. Kg3 Be1+ 40.
Kh3 Bf2 41. f5 f6 42. fxg6 hxg6 43. Bf4 Ra3 44. Kg4 Nb6 45. Bc7 Kf7 46. Nd8+
Kg7 47. d6 Rb3 48. Bc6 f5+ 49. Kg5 Be3+ 50. Kh4 Kf6 51. g3 Rxb4+ 52. Kh3 Rb2
53. d7 Bg1 54. g4 Rd2 55. g5+ Ke7 56. Bxb5 Nxd7 57. Nc6+ Kf8 58. Bg3 Kg7 59.
Ne5 Nxe5 60. Bxe5+ Kh7 61. Bf4 Rb2 62. Bc6 Bd4 63. Kg3 Rb3+ 64. Bf3 Be3 65.
Bxe3 Rxe3 66. Kf4 Ra3 67. h4 Ra4+ 68. Kg3 Ra1 69. h5 Rg1+ 70. Kf4 gxh5 71. Kxf5
Rf1 72. Kf4 Kg6 73. Kg3 Kxg5 74. Kg2 Ra1 75. Bd5 Rd1 76. Bc6 Rd2+ 77. Kg3 Rd3+
78. Kh2 Kg4 79. Bb5 Rd2+ 80. Kg1 Kf3 81. Ba4 h4 82. Kf1 h3 83. Kg1 Ra2 84. Bd1+
Kg3 0-1

[Event "Championnat de France - Open A"]
[Site "Pau"]
[Date "2008.08.21"]
[Round "9.60"]
[White "Jacquot, David"]
[Black "Budin, Florent"]
[Result "0-1"]
[WhiteElo "2087"]
[BlackElo "1973"]
[PlyCount "69"]

1. d4 Nf6 2. Nf3 g6 3. Bg5 Bg7 4. Nbd2 d6 5. e3 Nbd7 6. Bc4 O-O 7. c3 b6 8. Qe2
Bb7 9. h3 c5 10. O-O a6 11. a4 d5 12. Bd3 h6 13. Bh4 g5 14. Bg3 Ne4 15. Bh2 f5
16. c4 e6 17. Ne5 Nxe5 18. Bxe5 Bxe5 19. dxe5 Nxd2 20. Rfd1 Ne4 21. Kh2 Qc7 22.
f4 Qg7 23. g4 fxg4 24. Bxe4 g3+ 25. Kg2 dxc4 26. Qg4 Rae8 27. Rd6 Bc8 28. Rxb6
Rd8 29. Rc6 Rd2+ 30. Kg1 gxf4 31. Rxc8 Qxg4 32. Rxf8+ Kxf8 33. hxg4 f3 34. Rc1
Rxb2 35. Rd1 0-1

[Event "Championnat de France - Open A"]
[Site "Pau"]
[Date "2008.08.21"]
[Round "9.61"]
[White "Coustance, Kevin"]
[Black "Chizelle, Bernard"]
[Result "1-0"]
[WhiteElo "2034"]
[BlackElo "1960"]
[PlyCount "123"]

1. e4 c5 2. Nf3 d6 3. d4 cxd4 4. Nxd4 Nf6 5. Nc3 a6 6. Be2 e5 7. Nb3 Be6 8. O-O
Nbd7 9. Be3 Rc8 10. f3 h5 11. Qe1 Be7 12. Rd1 h4 13. Kh1 Nh5 14. Kg1 g5 15. Nd5
Bxd5 16. Rxd5 Rxc2 17. Bd3 Rc7 18. Be2 Nf4 19. Rd2 Qc8 20. Qf2 Rc2 21. Rfd1
Rxd2 22. Rxd2 Nf6 23. Rc2 Qd7 24. Bf1 O-O 25. g3 hxg3 26. hxg3 Ne6 27. Qd2 d5
28. Bxg5 Nxe4 29. fxe4 Bxg5 30. Qxd5 Qxd5 31. exd5 Be3+ 32. Kg2 Nd4 33. Nxd4
Bxd4 34. Rc7 b5 35. b3 Rb8 36. Bd3 Rb6 37. g4 Kg7 38. Kf3 Rh6 39. Bf5 Kf8 40.
Ke4 Ke8 41. Rc8+ Ke7 42. Rc7+ Ke8 43. Rd7 Rf6 44. Rb7 Rh6 45. Bd7+ Kd8 46. Kf5
Rb6 47. Bc6 Rxb7 48. Bxb7 Kc7 49. Bxa6 Kb6 50. Bc8 Kc7 51. Be6 fxe6+ 52. dxe6
Kd8 53. a4 bxa4 54. bxa4 Ke7 55. a5 Ba7 56. Kxe5 Be3 57. a6 Bf2 58. Kf5 Bd4 59.
g5 Kf8 60. Kg6 Ke7 61. Kh7 Kxe6 62. g6 1-0

[Event "Championnat de France - Open A"]
[Site "Pau"]
[Date "2008.08.21"]
[Round "9.62"]
[White "Denous, Cyprien"]
[Black "Muratet, Lucas"]
[Result "1-0"]
[WhiteElo "2028"]
[BlackElo "1934"]
[PlyCount "95"]

1. e4 c6 2. d4 Qc7 3. Nc3 d6 4. f4 Nd7 5. Nf3 g6 6. Bc4 Ngf6 7. e5 d5 8. Bd3
Nh5 9. O-O Ng7 10. Ne2 e6 11. Ng3 h5 12. Nh4 Nf5 13. Nhxf5 exf5 14. b3 Be7 15.
Bb2 h4 16. Ne2 O-O 17. Rf3 c5 18. c3 Re8 19. Rh3 b6 20. g3 hxg3 21. hxg3 Bf8
22. Kf2 Bg7 23. Qh1 Qb7 24. Qh2 Nf8 25. Rh1 f6 26. Ng1 fxe5 27. dxe5 Bd7 28.
Nf3 Ne6 29. Rh7 Bc6 30. Rd1 Rad8 31. Be2 Rd7 32. Rh3 Red8 33. Qg1 b5 34. Bc1 d4
35. cxd4 cxd4 36. Ne1 Nc5 37. g4 Be4 38. Nd3 Bxd3 39. Bxd3 Ne4+ 40. Kf1 Nc3 41.
Rd2 Nd5 42. Rd1 Ne3+ 43. Bxe3 dxe3 44. Rxe3 Rd4 45. gxf5 Rxf4+ 46. Ke2 Qb6 47.
e6 gxf5 48. Qg6 1-0

[Event "Championnat de France - Open A"]
[Site "Pau"]
[Date "2008.08.21"]
[Round "9.63"]
[White "Bollard, Maxime"]
[Black "Zaninetti, Laurent"]
[Result "1-0"]
[WhiteElo "1980"]
[BlackElo "2013"]
[PlyCount "133"]

1. d4 e6 2. c4 f5 3. g3 Nf6 4. Bg2 Bb4+ 5. Nd2 O-O 6. Ngf3 d6 7. O-O Bxd2 8.
Qxd2 Nc6 9. Rd1 Ne4 10. Qc2 Qf6 11. d5 Nb4 12. Qb1 e5 13. a3 Na6 14. Qc2 Nb8
15. b4 a5 16. Bb2 Na6 17. Bc3 Bd7 18. Rdc1 g5 19. c5 Rfc8 20. Qb2 Re8 21. Nd2
Nxd2 22. Bxd2 f4 23. Be4 Rf8 24. Qc2 fxg3 25. fxg3 Qf2+ 26. Kh1 Qxe2 27. Bxg5
Qxc2 28. Rxc2 Rf7 29. Kg2 Kg7 30. Be3 Ba4 31. Rcc1 Bd7 32. cxd6 cxd6 33. bxa5
Bf5 34. Bxf5 Rxf5 35. Rab1 Rf7 36. Rb6 Nc7 37. Rxd6 Rxa5 38. Bb6 Nb5 39. Bxa5
Nxd6 40. Bc3 Nc4 41. Ba1 Ne3+ 42. Kg1 Nxd5 43. Bxe5+ Kf8 44. Rc5 Rd7 45. Kg2 b6
46. Rc6 Ne3+ 47. Kf3 Rd3 48. Rc3 Rxc3 49. Bxc3 Nd5 50. Bb4+ Kf7 51. Ke4 Ke6 52.
Kd4 Nc7 53. Kc4 h5 54. Be1 Kd6 55. Kd4 Ke6 56. Ke4 Kf6 57. Bc3+ Ke6 58. Bd4 b5
59. Bc5 Nd5 60. Kd4 Nc7 61. Bf8 Kf7 62. Bb4 Ne6+ 63. Kd5 Kf6 64. Kc6 Kf5 65.
Kxb5 Kg4 66. Bd6 Kh3 67. a4 1-0

[Event "Championnat de France - Open A"]
[Site "Pau"]
[Date "2008.08.21"]
[Round "9.64"]
[White "Eid, Maha"]
[Black "Baudon, Sebastien"]
[Result "1/2-1/2"]
[WhiteElo "1953"]
[BlackElo "2009"]
[PlyCount "67"]

1. d4 Nf6 2. Nf3 e6 3. e3 b6 4. Bd3 Bb7 5. Nbd2 c5 6. O-O Nc6 7. b3 d6 8. Bb2
Be7 9. a3 Qc7 10. c4 O-O 11. Qe2 Rad8 12. Rad1 Rfe8 13. Rfe1 e5 14. dxe5 dxe5
15. Ne4 Nxe4 16. Bxe4 Bf6 17. Qc2 g6 18. Bd5 Na5 19. e4 Nc6 20. Bxc6 Bxc6 21.
Nd2 Bg7 22. Nb1 Re7 23. Nc3 Red7 24. Rxd7 Qxd7 25. Nd5 Kf8 26. Qe2 h5 27. Qf3
Qg4 28. Qc3 h4 29. Bc1 f6 30. h3 Qe6 31. Qf3 Kf7 32. Bb2 Bh6 33. a4 Kg7 34. Bc3
1/2-1/2

[Event "Championnat de France - Open A"]
[Site "Pau"]
[Date "2008.08.21"]
[Round "9.65"]
[White "Licayan, Albert"]
[Black "Ane, Regis"]
[Result "1/2-1/2"]
[WhiteElo "2139"]
[BlackElo "1993"]
[PlyCount "61"]

1. e4 c5 2. Nf3 e6 3. c4 Nc6 4. Nc3 e5 5. a3 d6 6. h3 g6 7. d3 Bg7 8. Be2 Nge7
9. Rb1 a5 10. Be3 O-O 11. Qd2 f5 12. Bh6 Rb8 13. Bxg7 Kxg7 14. h4 f4 15. h5 Nd4
16. Nxd4 cxd4 17. Nd5 Nxd5 18. cxd5 g5 19. Qd1 h6 20. Bg4 Rf7 21. O-O Bxg4 22.
Qxg4 Qc8 23. Qe2 f3 24. gxf3 Qh3 25. Rfc1 Rbf8 26. Qf1 Qxh5 27. Qg2 Rxf3 28.
Rc7+ Kg6 29. Rd7 R8f4 30. Rf1 Qh4 31. Rxd6+ {suite illisible} 1/2-1/2

[Event "Championnat de France - Open A"]
[Site "Pau"]
[Date "2008.08.21"]
[Round "9.66"]
[White "Zeller, Olivier"]
[Black "Dube, Dimitri"]
[Result "1-0"]
[WhiteElo "2011"]
[BlackElo "2124"]
[PlyCount "53"]

1. e4 Nf6 2. e5 Nd5 3. Nc3 e6 4. Nf3 Nc6 5. Nxd5 exd5 6. Bb5 d6 7. Qe2 Qe7 8.
d4 Bg4 9. O-O Bxf3 10. Qxf3 O-O-O 11. Bxc6 bxc6 12. Re1 dxe5 13. dxe5 Qe6 14.
Bg5 Rd7 15. a4 Bc5 16. Bd2 a6 17. b4 Bb6 18. Qd3 Kb7 19. b5 a5 20. bxc6+ Qxc6
21. Reb1 Qc5 22. Rb5 Qxf2+ 23. Kh1 Kc6 24. Rxa5 Rhd8 25. Rb1 d4 26. Bb4 Rd5 27.
Qc4+ 1-0

[Event "Championnat de France - Open A"]
[Site "Pau"]
[Date "2008.08.21"]
[Round "9.67"]
[White "Cramer, Stephen"]
[Black "Cao, Philippe"]
[Result "0-1"]
[WhiteElo "2090"]
[BlackElo "1991"]
[PlyCount "84"]

1. e4 c5 2. Nc3 Nc6 3. d3 g6 4. g3 Bg7 5. Bg2 d6 6. Nge2 Rb8 7. O-O b5 8. a3 a5
9. f4 e6 10. Qd2 Nge7 11. Nd1 O-O 12. Ne3 Nd4 13. Nxd4 cxd4 14. Nd1 Qc7 15. Kh1
Bb7 16. c3 Rfc8 17. cxd4 Bxd4 18. Rb1 Qc2 19. Qxc2 Rxc2 20. Ne3 Rxc1 21. Rbxc1
Bxe3 22. Rc2 Bb6 23. Rfc1 Kf8 24. h4 h5 25. Kh2 Kg7 26. Kh3 Ng8 27. Rd1 Nf6 28.
Bf3 e5 29. Re1 Bc8+ 30. Kg2 Bd7 31. Be2 b4 32. axb4 axb4 33. Bd1 b3 34. Rc1 Bd4
35. Rf1 Bg4 36. fxe5 Bxe5 37. Rb1 Be6 38. Rf2 Bd4 39. Rd2 Nd7 40. Kf1 Ne5 41.
Kg2 Ng4 42. Bf3 Rc8 0-1

[Event "Championnat de France - Open A"]
[Site "Pau"]
[Date "2008.08.21"]
[Round "9.68"]
[White "Moullier, Igor"]
[Black "Kirk, Jason"]
[Result "1/2-1/2"]
[WhiteElo "2041"]
[BlackElo "1979"]
[PlyCount "44"]

1. d4 g6 2. e4 Bg7 3. Nf3 d6 4. c3 Nf6 5. Bd3 O-O 6. O-O c5 7. Re1 cxd4 8. Nxd4
Nc6 9. Nd2 Nxd4 10. cxd4 Bg4 11. Qb3 Nh5 12. h3 Bd7 13. Nf3 e5 14. dxe5 dxe5
15. Bc4 Bc6 16. Be3 b5 17. Bd5 Bxd5 18. exd5 Qd7 19. Bc5 Rfe8 20. Rad1 Nf4 21.
Be3 Nh5 22. Bc5 Nf4 1/2-1/2